Oscar del calcio AIC 2009 - Statistics

Statistiche generali
  • Questo quiz è stato fatto 52 volte
  • Il punteggio medio è 8 su 10
Statistiche sulle risposte
Categoria Nazione Squadra Vincitore % Corretto
Migliore calciatore straniero Svezia Inter Zlatan Ibrahimović
100%
Migliore calciatore assoluto Svezia Inter Zlatan Ibrahimović
98%
Migliore difensore Italia Juventus Giorgio Chiellini
96%
Migliore squadra - - Inter
96%
Migliore portiere Brasile Inter Júlio César
93%
Migliore allenatore Portogallo Inter José Mourinho
91%
Migliore calciatore giovane Brasile Milan Alexandre Pato
87%
Migliore calciatore italiano Italia Roma Daniele De Rossi
83%
Migliore arbitro - - Roberto Rosetti
33%
Miglior gol Italia Udinese Fabio Quagliarella
22%
Nessun quiz corrispondente trovato
Distribuzione punteggi
Percentuale di utenti per punteggio
Percentile per numero di risposta
I tuoi punteggi nel tempo
Non hai fatto questo quiz